[Event "BI-2015-F-0000"]
[Site "LSS email"]
[Date "2015.02.12"]
[Round "?"]
[White "Gorbatov, Valentin"]
[Black "Baroin, Bernard"]
[Result "0-1"]
[WhiteElo "1962"]
[BlackElo "2170"]
[PlyCount "42"]
[EventDate "2015.02.11"]
[EventType "tourn (corr)"]
[EventRounds "10"]
[EventCountry "GER"]
[SourceTitle "Corr 2022"]
[Source "ChessBase"]
[SourceDate "2021.10.24"]
[SourceVersion "1"]
[SourceVersionDate "2021.10.24"]
[SourceQuality "1"]

1. e4 c5 2. Nf3 d6 3. d4 cxd4 4. Nxd4 Nf6 5. Nc3 a6 6. Be3 e6 7. Be2 Qc7 8. 0-0 b5 9. a4 b4 10. Na2 Nxe4 11. c3 b3 12. Qxb3 Be7 13. Bf3 Ng5 14. Bxa8 e5 15. Nb4 exd4 16. Nd5 Qd8 17. Bxg5 Bxg5 18. Qxb8 0-0 19. cxd4 Be6 20. Qxd8 Rxd8 21. Nc7 Rd7 0-1

[Event "BI-2015-F-0000"]
[Site "LSS email"]
[Date "2015.02.12"]
[Round "?"]
[White "Gorbatov, Valentin"]
[Black "Belanoff, Stuart B"]
[Result "0-1"]
[WhiteElo "1962"]
[BlackElo "2312"]
[PlyCount "42"]
[EventDate "2015.02.11"]
[EventType "tourn (corr)"]
[EventRounds "10"]
[EventCountry "GER"]
[SourceTitle "Corr 2022"]
[Source "ChessBase"]
[SourceDate "2021.10.24"]
[SourceVersion "1"]
[SourceVersionDate "2021.10.24"]
[SourceQuality "1"]

1. d4 Nf6 2. c4 g6 3. Nc3 Bg7 4. e4 d6 5. Nf3 0-0 6. Be2 e5 7. 0-0 exd4 8. Nxd4 Re8 9. f3 c6 10. Kh1 Nbd7 11. Bf4 Nh5 12. Bxd6 Qf6 13. Nb3 Nf4 14. c5 a5 15. Bxf4 Qxf4 16. Na4 Qb8 17. Qc2 b6 18. cxb6 Nxb6 19. Nbc5 Nxa4 20. Nxa4 Be5 21. h3 Be6 0-1

[Event "BI-2015-F-0000"]
[Site "LSS email"]
[Date "2015.02.12"]
[Round "?"]
[White "Gorbatov, Valentin"]
[Black "Kirch, Bernhard"]
[Result "0-1"]
[WhiteElo "1962"]
[BlackElo "1936"]
[PlyCount "30"]
[EventDate "2015.02.11"]
[EventType "tourn (corr)"]
[EventRounds "10"]
[EventCountry "GER"]
[SourceTitle "Corr 2022"]
[Source "ChessBase"]
[SourceDate "2021.10.24"]
[SourceVersion "1"]
[SourceVersionDate "2021.10.24"]
[SourceQuality "1"]

1. e4 e6 2. d4 d5 3. Nd2 Be7 4. e5 c5 5. Qg4 Kf8 6. dxc5 Nc6 7. Ngf3 h5 8. Qg3 h4 9. Qf4 g5 10. Qa4 Qc7 11. Nb3 Nh6 12. Be2 Bd7 13. Nxg5 Qxe5 14. Nf3 Qg7 15. Bd2 Qxb2 0-1

[Event "BI-2015-F-0000"]
[Site "LSS email"]
[Date "2015.02.12"]
[Round "?"]
[White "Lanin, Boris"]
[Black "Gorbatov, Valentin"]
[Result "1-0"]
[WhiteElo "2025"]
[BlackElo "1962"]
[PlyCount "31"]
[EventDate "2015.02.11"]
[EventType "tourn (corr)"]
[EventRounds "10"]
[EventCountry "GER"]
[SourceTitle "Corr 2022"]
[Source "ChessBase"]
[SourceDate "2021.10.24"]
[SourceVersion "1"]
[SourceVersionDate "2021.10.24"]
[SourceQuality "1"]

1. d4 d5 2. c4 c6 3. Nf3 Nf6 4. e3 Bg4 5. Qb3 Qb6 6. Nc3 e6 7. Nh4 Bh5 8. h3 Qxb3 9. axb3 Na6 10. g4 Nb4 11. Ke2 g5 12. gxh5 gxh4 13. Kf3 Rg8 14. Bd2 Kd7 15. c5 Bh6 16. Ra4 1-0

[Event "WC-2015-P-00016"]
[Site "LSS email"]
[Date "2015.01.19"]
[Round "?"]
[White "Gorbatov, Valentin"]
[Black "Kobryn, Krystian"]
[Result "0-1"]
[WhiteElo "1951"]
[BlackElo "1841"]
[PlyCount "34"]
[EventDate "2015.01.25"]
[EventType "tourn (corr)"]
[EventRounds "12"]
[EventCountry "GER"]
[SourceTitle "Corr 2022"]
[Source "ChessBase"]
[SourceDate "2021.10.24"]
[SourceVersion "1"]
[SourceVersionDate "2021.10.24"]
[SourceQuality "1"]

1. e4 c5 2. Nf3 e6 3. d4 cxd4 4. Nxd4 Nc6 5. Nc3 Qc7 6. Be3 a6 7. Be2 Nf6 8. 0-0 Bb4 9. Na4 Rb8 10. c4 Be7 11. Nc3 0-0 12. f4 d6 13. Qe1 Nd7 14. Qg3 Bf6 15. Rad1 b6 16. Nxc6 Qxc6 17. e5 dxe5 0-1

[Event "WC-2015-P-00016"]
[Site "LSS email"]
[Date "2015.01.19"]
[Round "?"]
[White "Luers, Lavas"]
[Black "Gorbatov, Valentin"]
[Result "1-0"]
[WhiteElo "2015"]
[BlackElo "1951"]
[PlyCount "53"]
[EventDate "2015.01.25"]
[EventType "tourn (corr)"]
[EventRounds "12"]
[EventCountry "GER"]
[SourceTitle "Corr 2022"]
[Source "ChessBase"]
[SourceDate "2021.10.24"]
[SourceVersion "1"]
[SourceVersionDate "2021.10.24"]
[SourceQuality "1"]

1. e4 c5 2. Nf3 d6 3. c3 Nf6 4. h3 Nc6 5. Bd3 d5 6. e5 Nd7 7. Bb5 Qb6 8. Qa4 a6 9. Bxc6 Qxc6 10. Qxc6 bxc6 11. d3 a5 12. 0-0 Ba6 13. Rd1 g6 14. e6 fxe6 15. Ng5 e5 16. c4 dxc4 17. dxc4 Bxc4 18. Be3 Bh6 19. Nc3 Bxg5 20. Bxg5 Be6 21. Rd2 c4 22. Re1 Kf7 23. Bh6 Rhd8 24. Rde2 Bd5 25. a4 Nc5 26. Rxe5 Rd7 27. Bg5 1-0

[Event "WC-2015-P-00016"]
[Site "LSS email"]
[Date "2015.01.19"]
[Round "?"]
[White "Mary, Patrick"]
[Black "Gorbatov, Valentin"]
[Result "1-0"]
[WhiteElo "2197"]
[BlackElo "1951"]
[PlyCount "33"]
[EventDate "2015.01.25"]
[EventType "tourn (corr)"]
[EventRounds "12"]
[EventCountry "GER"]
[SourceTitle "Corr 2022"]
[Source "ChessBase"]
[SourceDate "2021.10.24"]
[SourceVersion "1"]
[SourceVersionDate "2021.10.24"]
[SourceQuality "1"]

1. e4 c5 2. Nf3 d6 3. d4 cxd4 4. Nxd4 Nf6 5. Nc3 a6 6. Be3 e5 7. Nb3 Be6 8. f3 h5 9. Be2 Nbd7 10. Nd5 Nxd5 11. exd5 Bf5 12. 0-0 h4 13. f4 Bh7 14. c4 Be7 15. fxe5 Nxe5 16. h3 Rc8 17. Nd4 1-0

[Event "WC-2015-P-00016"]
[Site "LSS email"]
[Date "2015.01.19"]
[Round "?"]
[White "Pely, Giora"]
[Black "Gorbatov, Valentin"]
[Result "1-0"]
[WhiteElo "2201"]
[BlackElo "1951"]
[PlyCount "41"]
[EventDate "2015.01.25"]
[EventType "tourn (corr)"]
[EventRounds "12"]
[EventCountry "GER"]
[SourceTitle "Corr 2022"]
[Source "ChessBase"]
[SourceDate "2021.10.24"]
[SourceVersion "1"]
[SourceVersionDate "2021.10.24"]
[SourceQuality "1"]

1. e4 c5 2. Nf3 d6 3. d4 cxd4 4. Nxd4 Nf6 5. Nc3 a6 6. Be3 e5 7. Nb3 Be6 8. f3 h5 9. Qd2 Nbd7 10. 0-0-0 Be7 11. Kb1 b5 12. Nd5 Bxd5 13. exd5 Nb6 14. Bxb6 Qxb6 15. Na5 Rc8 16. Nc6 Nxd5 17. Nxe7 Nxe7 18. Qxd6 Qxd6 19. Rxd6 Nc6 20. a4 Ke7 21. Rd1 1-0

[Event "OP-2014-0-03422"]
[Site "LSS email"]
[Date "2014.06.20"]
[Round "?"]
[White "Gorbatov, Valentin"]
[Black "Tanti, Joseph G"]
[Result "1/2-1/2"]
[WhiteElo "1698"]
[BlackElo "1609"]
[PlyCount "53"]
[EventDate "2014.06.10"]
[EventType "tourn (corr)"]
[EventRounds "4"]
[EventCountry "GER"]
[SourceTitle "Corr 2015"]
[Source "ChessBase"]
[SourceDate "2015.07.17"]
[SourceVersion "1"]
[SourceVersionDate "2015.07.17"]
[SourceQuality "1"]

1. d4 d5 2. c4 e6 3. Nf3 c6 4. e3 Nf6 5. Nc3 Nbd7 6. Qc2 Bd6 7. Bd3 0-0 8. 0-0 dxc4 9. Bxc4 b5 10. Be2 Bb7 11. Rd1 Qc7 12. e4 e5 13. Bg5 exd4 14. Rxd4 Ne5 15. g3 Bc5 16. Rd2 Nfg4 17. Nd1 Bb4 18. Rd4 Bd6 19. Nxe5 Bxe5 20. Rd3 Nf6 21. Nc3 Rad8 22. Bxf6 gxf6 23. Rad1 Qe7 24. Bg4 Rxd3 25. Qxd3 Bc8 26. Bxc8 Rxc8 27. Qc2 1/2-1/2

[Event "OP-2014-0-03422"]
[Site "LSS email"]
[Date "2014.06.20"]
[Round "?"]
[White "Rodriguez, Elsiomo"]
[Black "Gorbatov, Valentin"]
[Result "1/2-1/2"]
[WhiteElo "1414"]
[BlackElo "1698"]
[PlyCount "60"]
[EventDate "2014.06.10"]
[EventType "tourn (corr)"]
[EventRounds "4"]
[EventCountry "GER"]
[SourceTitle "Corr 2015"]
[Source "ChessBase"]
[SourceDate "2015.07.17"]
[SourceVersion "1"]
[SourceVersionDate "2015.07.17"]
[SourceQuality "1"]

1. e4 c5 2. Nf3 d6 3. d4 cxd4 4. Qxd4 Nc6 5. Bb5 Bd7 6. Bxc6 Bxc6 7. c4 Nf6 8. Nc3 g6 9. 0-0 Bg7 10. Qd3 0-0 11. Nd4 Ng4 12. h3 Ne5 13. Qe2 Qb6 14. Be3 Qb4 15. Nd5 Bxd5 16. cxd5 Qc4 17. Qd2 Qd3 18. Qxd3 Nxd3 19. Rad1 Nc5 20. f3 Rfc8 21. Rf2 Na4 22. g4 Nb6 23. Re2 a5 24. h4 Nc4 25. Bf2 a4 26. Kg2 Ne5 27. a3 Rc4 28. h5 Rac8 29. Kg3 Nd7 30. g5 Nc5 1/2-1/2

[Event "RC-2014-0-00149"]
[Site "LSS email"]
[Date "2014.05.05"]
[Round "?"]
[White "Habes, Jiri"]
[Black "Gorbatov, Valentin"]
[Result "0-1"]
[WhiteElo "1727"]
[BlackElo "1874"]
[PlyCount "128"]
[EventDate "2014.03.19"]
[EventType "tourn (corr)"]
[EventRounds "6"]
[EventCountry "GER"]
[SourceTitle "Corr 2022"]
[Source "ChessBase"]
[SourceDate "2021.10.24"]
[SourceVersion "1"]
[SourceVersionDate "2021.10.24"]
[SourceQuality "1"]

1. e4 c5 2. Nf3 d6 3. d4 cxd4 4. Nxd4 Nf6 5. Nc3 a6 6. Bc4 e6 7. 0-0 Be7 8. Qf3 Qc7 9. Be2 b5 10. b4 0-0 11. Qg3 Bd7 12. Bh6 Ne8 13. Rad1 Bf6 14. Bc1 Nc6 15. Nxc6 Bxc6 16. Rd3 Rc8 17. Bd2 Ba8 18. Rd1 Qe7 19. Qe3 Rc4 20. f3 Qc7 21. a4 bxa4 22. Nxa4 Bc6 23. Nc3 Qb7 24. Bf1 Rxb4 25. Ne2 Bb5 26. Bxb4 Bxd3 27. c3 Bc4 28. Nd4 Bxf1 29. Rxf1 Be7 30. Qd3 d5 31. Bxe7 dxe4 32. Qxe4 Qxe7 33. Qe5 Qa3 34. Nc6 Nd6 35. Ne7+ Kh8 36. Rd1 Nc4 37. Qd4 Qxe7 38. Qxc4 a5 39. Qb5 Qa3 40. c4 h6 41. Rd7 Qc1+ 42. Kf2 Qc2+ 43. Kg3 a4 44. Ra7 Qg6+ 45. Kh3 Rd8 46. Qe5 Rd2 47. g4 f5 48. Qf4 Re2 49. c5 Kh7 50. c6 fxg4+ 51. Qxg4 Qf6 52. Rd7 Qe5 53. f4 Re3+ 54. Kg2 Qb2+ 55. Kf1 Qc3 56. Qd1 Qc4+ 57. Kg1 Qe4 58. Kf2 Qxf4+ 59. Kg1 Qe4 60. Kf2 Rc3 61. Rd2 a3 62. Qe2 Qh1 63. Qh5 Qxc6 64. Qd1 Qc7 0-1

[Event "RC-2014-0-00149"]
[Site "LSS email"]
[Date "2014.05.05"]
[Round "?"]
[White "Jablonski, Czeslaw"]
[Black "Gorbatov, Valentin"]
[Result "1/2-1/2"]
[WhiteElo "1928"]
[BlackElo "1874"]
[PlyCount "45"]
[EventDate "2014.03.19"]
[EventType "tourn (corr)"]
[EventRounds "6"]
[EventCountry "GER"]
[SourceTitle "Corr 2022"]
[Source "ChessBase"]
[SourceDate "2021.10.24"]
[SourceVersion "1"]
[SourceVersionDate "2021.10.24"]
[SourceQuality "1"]

1. e4 c5 2. Nf3 d6 3. d4 cxd4 4. Nxd4 Nf6 5. Nc3 a6 6. Be3 e5 7. Nb3 Be6 8. Be2 Be7 9. Qd3 0-0 10. 0-0 Nbd7 11. Nd5 Bxd5 12. exd5 Nb6 13. c4 a5 14. Rac1 Nbd7 15. h3 Qc7 16. Nd2 Nc5 17. Qc2 Nfd7 18. Bg4 g6 19. Bxd7 Nxd7 20. b3 f5 21. Nb1 f4 22. Bd2 Nc5 23. Nc3 1/2-1/2

[Event "RC-2014-0-00149"]
[Site "LSS email"]
[Date "2014.05.05"]
[Round "?"]
[White "Niewold, Jaap"]
[Black "Gorbatov, Valentin"]
[Result "1/2-1/2"]
[WhiteElo "1686"]
[BlackElo "1874"]
[PlyCount "51"]
[EventDate "2014.03.19"]
[EventType "tourn (corr)"]
[EventRounds "6"]
[EventCountry "GER"]
[SourceTitle "Corr 2022"]
[Source "ChessBase"]
[SourceDate "2021.10.24"]
[SourceVersion "1"]
[SourceVersionDate "2021.10.24"]
[SourceQuality "1"]

1. e4 c5 2. c3 Nf6 3. e5 Nd5 4. Nf3 d6 5. d4 cxd4 6. Bc4 e6 7. cxd4 Nc6 8. 0-0 Be7 9. Qe2 0-0 10. a3 Bd7 11. Qd3 dxe5 12. dxe5 Rc8 13. Re1 Na5 14. Bxd5 exd5 15. b4 Nc4 16. Qxd5 Bc6 17. Qxc4 Bxf3 18. Qf4 Bd5 19. Rd1 Rc4 20. Qxc4 Bxc4 21. Rxd8 Rxd8 22. Nd2 f6 23. f4 Bd5 24. Nf1 a5 25. Bd2 fxe5 26. fxe5 1/2-1/2

[Event "BI-2014-P-0000"]
[Site "LSS email"]
[Date "2014.04.19"]
[Round "?"]
[White "Gorbatov, Valentin"]
[Black "Miquel, Indalecio"]
[Result "1-0"]
[WhiteElo "1892"]
[BlackElo "1392"]
[PlyCount "33"]
[EventDate "2014.04.25"]
[EventType "tourn (corr)"]
[EventRounds "10"]
[EventCountry "GER"]
[SourceTitle "Corr 2022"]
[Source "ChessBase"]
[SourceDate "2021.10.24"]
[SourceVersion "1"]
[SourceVersionDate "2021.10.24"]
[SourceQuality "1"]

1. e4 c5 2. Nf3 e6 3. d4 cxd4 4. Nxd4 a6 5. Nc3 Qc7 6. Bd3 Nf6 7. 0-0 Be7 8. Qe2 d6 9. Kh1 0-0 10. f4 Nbd7 11. Bd2 Nc5 12. Rac1 b5 13. e5 dxe5 14. fxe5 Nfd7 15. b4 Nxd3 16. cxd3 Qxe5 17. Nc6 1-0

[Event "SE-2014-0-00160"]
[Site "LSS email"]
[Date "2014.03.03"]
[Round "?"]
[White "Dzulynski, Marek"]
[Black "Gorbatov, Valentin"]
[Result "0-1"]
[WhiteElo "1596"]
[BlackElo "1865"]
[PlyCount "28"]
[EventDate "2014.01.19"]
[EventType "tourn (corr)"]
[EventRounds "6"]
[EventCountry "GER"]
[SourceTitle "Corr 2022"]
[Source "ChessBase"]
[SourceDate "2021.10.24"]
[SourceVersion "1"]
[SourceVersionDate "2021.10.24"]
[SourceQuality "1"]

1. d4 Nf6 2. Nf3 d5 3. Nc3 g6 4. Bf4 Bg7 5. h3 0-0 6. e3 c5 7. dxc5 Nbd7 8. Nb5 Ne4 9. c3 a6 10. Nc7 e5 11. Nxa8 exf4 12. Qxd5 Nxc3 13. Qc4 fxe3 14. fxe3 Qe7 0-1

[Event "SE-2014-0-00160"]
[Site "LSS email"]
[Date "2014.03.03"]
[Round "?"]
[White "Gorbatov, Valentin"]
[Black "Goreczny, Grzegorz"]
[Result "1/2-1/2"]
[WhiteElo "1865"]
[BlackElo "1621"]
[PlyCount "52"]
[EventDate "2014.01.19"]
[EventType "tourn (corr)"]
[EventRounds "6"]
[EventCountry "GER"]
[SourceTitle "Corr 2022"]
[Source "ChessBase"]
[SourceDate "2021.10.24"]
[SourceVersion "1"]
[SourceVersionDate "2021.10.24"]
[SourceQuality "1"]

1. d4 d5 2. c4 e6 3. Nc3 Nf6 4. Nf3 c6 5. e3 Nbd7 6. Qc2 Bd6 7. Bd3 0-0 8. 0-0 dxc4 9. Bxc4 b5 10. Bd3 Bb7 11. a3 a6 12. b4 a5 13. Rb1 axb4 14. axb4 Qe7 15. e4 e5 16. Ne2 Bxb4 17. Ng3 g6 18. dxe5 Ng4 19. Bg5 Qc5 20. e6 Nde5 21. Nxe5 Nxe5 22. Bf6 Nxd3 23. Qxd3 fxe6 24. e5 Qc3 25. Qe4 Ba3 26. Rfd1 Ra4 1/2-1/2

[Event "SD-2013-0-00179"]
[Site "LSS email"]
[Date "2013.10.28"]
[Round "?"]
[White "Gorbatov, Valentin"]
[Black "Endean, Andrew"]
[Result "1-0"]
[WhiteElo "1626"]
[BlackElo "1578"]
[PlyCount "57"]
[EventDate "2013.09.11"]
[EventType "tourn (corr)"]
[EventRounds "6"]
[EventCountry "GER"]
[SourceTitle "Telechess CBM 167"]
[Source "ChessBase"]
[SourceDate "2015.07.13"]
[SourceVersion "1"]
[SourceVersionDate "2015.07.13"]
[SourceQuality "1"]

1. e4 c5 2. Nf3 d6 3. d4 cxd4 4. Nxd4 Nf6 5. Nc3 a6 6. Be3 e6 7. Be2 Qc7 8. a4 b6 9. Qd2 Bb7 10. f3 Nbd7 11. g4 Ne5 12. 0-0-0 Be7 13. Kb1 0-0 14. h4 Rfc8 15. h5 Nfd7 16. g5 b5 17. g6 hxg6 18. axb5 axb5 19. Ncxb5 Qd8 20. Nb3 d5 21. Bd4 gxh5 22. Rxh5 Ng6 23. Bxg7 Kxg7 24. Qh6+ Kg8 25. Rg1 Bf6 26. Rxg6+ fxg6 27. Qxg6+ Kf8 28. Rh7 Qe8 29. Qg3 1-0

[Event "SD-2013-0-00179"]
[Site "LSS email"]
[Date "2013.10.28"]
[Round "?"]
[White "Gorbatov, Valentin"]
[Black "Tutov, Nikolay"]
[Result "1/2-1/2"]
[WhiteElo "1626"]
[BlackElo "1744"]
[PlyCount "54"]
[EventDate "2013.09.11"]
[EventType "tourn (corr)"]
[EventRounds "6"]
[EventCountry "GER"]
[SourceTitle "Telechess CBM 167"]
[Source "ChessBase"]
[SourceDate "2015.07.13"]
[SourceVersion "1"]
[SourceVersionDate "2015.07.13"]
[SourceQuality "1"]

1. d4 d5 2. c4 dxc4 3. Nf3 c5 4. e3 Nf6 5. Bxc4 e6 6. 0-0 cxd4 7. exd4 Bd6 8. Qe2 0-0 9. Nc3 Nc6 10. Rd1 h6 11. Ne5 Qe7 12. Nb5 Bb8 13. b3 Rd8 14. Ba3 Nb4 15. g3 a6 16. Nc3 a5 17. Qf3 Ne8 18. Rac1 Nd6 19. Bf1 Ba7 20. Qf4 Qg5 21. Qe3 Qxe3 22. fxe3 f6 23. Nc4 Nxc4 24. bxc4 Bd7 25. Bg2 Bc6 26. Bb2 Rac8 27. Bh3 f5 1/2-1/2

[Event "FICGS rapid A 000143 email"]
[Site "FICGS email"]
[Date "2013.06.29"]
[Round "1"]
[White "Gorbatov, Valentin"]
[Black "Berkman, Sam"]
[Result "1-0"]
[WhiteElo "1939"]
[BlackElo "2000"]
[PlyCount "35"]
[EventDate "2013.??.??"]
[EventType "tourn (rapid)"]
[EventRounds "6"]
[SourceTitle "Corr 2022"]
[Source "ChessBase"]
[SourceDate "2021.10.24"]
[SourceVersion "1"]
[SourceVersionDate "2021.10.24"]
[SourceQuality "1"]

1. e4 e5 2. Nf3 Nc6 3. Bb5 a6 4. Ba4 Nf6 5. 0-0 Be7 6. Re1 0-0 7. Bxc6 dxc6 8. Nxe5 Be6 9. d4 Re8 10. Nc3 Qd6 11. Nf3 Nd7 12. e5 Qb4 13. a3 Qb6 14. Qd3 a5 15. Ng5 Bxg5 16. Bxg5 Qa6 17. Qxa6 Rxa6 18. Rad1 1-0

[Event "OP-2013-0-02835"]
[Site "LSS email"]
[Date "2013.06.27"]
[Round "?"]
[White "Johanson, Frans"]
[Black "Gorbatov, Valentin"]
[Result "1-0"]
[WhiteElo "1764"]
[BlackElo "1528"]
[PlyCount "58"]
[EventDate "2013.06.18"]
[EventType "tourn (corr)"]
[EventRounds "4"]
[EventCountry "GER"]
[SourceTitle "Telechess CBM 161"]
[Source "ChessBase"]
[SourceDate "2014.07.16"]
[SourceVersion "1"]
[SourceVersionDate "2014.07.16"]
[SourceQuality "1"]

1. Nf3 Nf6 2. g3 c5 3. Bg2 Nc6 4. c4 e5 5. Nc3 d6 6. 0-0 Be7 7. d3 0-0 8. Rb1 h6 9. a3 a6 10. Ne1 Be6 11. f4 exf4 12. gxf4 Qc8 13. Nd5 Bd8 14. e3 Bg4 15. Qd2 Re8 16. b3 Nxd5 17. cxd5 Ne7 18. Bb2 Bh5 19. f5 Qd7 20. Qf2 f6 21. e4 Kh7 22. Bf3 Bxf3 23. Qxf3 a5 24. Ng2 a4 25. bxa4 Nc8 26. Nf4 Bb6 27. Kh1 c4 28. Qh5 Rf8 29. Rf3 Qf7 1-0

[Event "SD-2013-0-00165"]
[Site "LSS email"]
[Date "2013.05.22"]
[Round "?"]
[White "Gorbatov, Valentin"]
[Black "Eide, John Henning"]
[Result "1/2-1/2"]
[WhiteElo "1727"]
[BlackElo "1918"]
[PlyCount "84"]
[EventDate "2013.03.04"]
[EventType "tourn (corr)"]
[EventRounds "6"]
[EventCountry "GER"]
[SourceTitle "Corr 2022"]
[Source "ChessBase"]
[SourceDate "2021.10.24"]
[SourceVersion "1"]
[SourceVersionDate "2021.10.24"]
[SourceQuality "1"]

1. e4 e6 2. Nf3 d5 3. exd5 exd5 4. d4 Nf6 5. Bb5+ c6 6. Bd3 Bd6 7. Qe2+ Be6 8. Ng5 Qe7 9. 0-0 0-0 10. Nc3 c5 11. dxc5 Bxc5 12. Bf4 Nc6 13. Rae1 Rfe8 14. a3 a6 15. Qd2 Rad8 16. b4 Bb6 17. Bg3 Qd7 18. b5 axb5 19. Nxb5 Bc5 20. Qc3 Bb6 21. Qb2 Bc5 22. Nc7 Re7 23. Qb5 b6 24. Ngxe6 fxe6 25. Na6 Bxa3 26. Qxb6 Rc8 27. Ra1 Bd6 28. Nc5 Qc7 29. Qxc7 Bxc7 30. Bxc7 Rcxc7 31. f4 Nd4 32. Ra5 g6 33. Rfa1 Kf7 34. h3 Nc6 35. R5a4 e5 36. Na6 Rb7 37. fxe5 Nd7 38. Be2 Ndxe5 39. Rd1 Rb2 40. Rxd5 Rxc2 41. Bd1 Rc1 42. Kh2 Rd7 1/2-1/2

[Event "OP-2013-0-02623"]
[Site "LSS email"]
[Date "2013.02.03"]
[Round "?"]
[White "Woelfelschneider, Peter"]
[Black "Gorbatov, Valentin"]
[Result "1/2-1/2"]
[WhiteElo "2197"]
[BlackElo "1528"]
[PlyCount "47"]
[EventDate "2013.01.30"]
[EventType "tourn (corr)"]
[EventRounds "4"]
[EventCountry "GER"]
[SourceTitle "Telechess CBM 161"]
[Source "ChessBase"]
[SourceDate "2014.07.16"]
[SourceVersion "1"]
[SourceVersionDate "2014.07.16"]
[SourceQuality "1"]

1. d4 Nf6 2. c4 e6 3. Nf3 d5 4. Nc3 Be7 5. Bf4 0-0 6. e3 Nbd7 7. Qc2 c5 8. dxc5 Nxc5 9. Be2 Bd7 10. 0-0 Rc8 11. Ne5 Nce4 12. Nxe4 Nxe4 13. Bd3 f5 14. f3 Nc5 15. Rfd1 Nxd3 16. Qxd3 Bc6 17. Nxc6 bxc6 18. Qc3 Qb6 19. Rac1 a5 20. Rc2 Qb4 21. Be5 Qxc3 22. Rxc3 Kf7 23. Rdc1 Rfd8 24. Kf1 1/2-1/2